Villes de la Vienne en images - Statistiques

Statistiques générales
  • Ce quiz a été pris 75 fois
  • Le résultat moyen est 10 sur 18
Statistiques - réponses
Par images Hint Réponse % Correct
P Poitiers
100%
C Châtellerault
83%
C-d-P Chasseneuil-du-Poitou
79%
St-S Saint-Savin
74%
V Vivonne
74%
M Montmorillon
66%
C Chauvigny
64%
L R-P La Roche-Posay
64%
L Loudun
57%
N-d-P Neuville-de-Poitou
53%
A-s-l'A Angles-sur-l'Anglin
49%
N-M Nouaillé-Maupertuis
43%
B Buxerolles
38%
L-l-C Lussac-les-Châteaux
36%
C Charroux
30%
L Lusignan
30%
C Civray
26%
G Gençay
21%
Aucun quiz correspondant
Distribution des résultats
% des personnes avec chaque résultat
Percentile par nombre de réponses
Votre historique - résultats
Vous n’avez pas pris ce quiz